| 000 | 01179nam0a22003011 4500 | ||
|---|---|---|---|
| 001 | rc\3519475 | ||
| 005 | 20130115143131.6 | ||
| 021 |
_aRU _b[71-57921] |
||
| 035 | _a(NLR Aleph) 007660797 | ||
| 090 |
_a6329258 _c6329258 |
||
| 100 | _a20130115d1971 |||y0rusy50 ca | ||
| 101 | 0 | _arus | |
| 102 | _aRU | ||
| 105 | _ay z ||||| | ||
| 200 | 1 | _aКарбамид в кормлении сельскохозяйственных животных в Киргизии | |
| 210 |
_aФрунзе _cКыргызстан _d1971 |
||
| 215 |
_a98 с. _d20 |
||
| 300 | _aПеред загл. авт.: проф. Г.В. Бурксер и доц. Р.Т. Валуйская | ||
| 320 | _aСписок лит.: с. 96-97 | ||
| 606 |
_aСельскохозяйственные животные _xКормление _yКиргССР _2psbo |
||
| 606 |
_aМочевина _xКормовое использование _2psbo |
||
| 700 | 1 |
_aБурксер _bГ. В. _gГавриил Владимирович |
|
| 701 | 1 |
_aВалуйская _bР. Т. _gРаиса Тимофеевна |
|
| 801 | 0 |
_aRU _bNLR _gpsbo |
|
| 801 | 1 |
_aRU _bELAR _2rusmarc |
|
| 852 |
_aNLR _j71-4/11680 |
||
| 942 | _cBOOK | ||
| 980 | _aNB | ||